Most Streamed Beatles Song From Each Album - Statistics

General Stats
  • This quiz has been taken 26 times
  • The average score is 8 of 12
Answer Stats
Hint Answer % Correct
Help! Yesterday
96%
Let It Be Let It Be
87%
Magical Mystery Tour Strawberry FieldsForever
83%
Sgt. Pepper's LonelyHearts Club Band Lucy in the Sky withDiamonds
74%
Abbey Road Here Comes the Sun
70%
The Beatles(White Album) Blackbird
65%
Rubber Soul In My Life
65%
Please Please Me Twist and Shout
65%
With the Beatles All My Loving
61%
Revolver Eleanor Rigby
61%
Beatles for Sale Eight Days a Week
57%
A Hard Day's Night And I Love Her
52%
No matching quizzes found
Score Distribution
Percent of People with Each Score
Percentile by Number Answered
Your Score History
You have not taken this quiz